<?xml version="1.0" encoding="UTF-8"?><?xml-stylesheet type="text/xsl" href="static/style.xsl"?><OAI-PMH xmlns="http://www.openarchives.org/OAI/2.0/" xmlns:xsi="http://www.w3.org/2001/XMLSchema-instance" xsi:schemaLocation="http://www.openarchives.org/OAI/2.0/ http://www.openarchives.org/OAI/2.0/OAI-PMH.xsd"><responseDate>2026-04-18T02:08:19Z</responseDate><request verb="GetRecord" identifier="oai:www.recercat.cat:10230/33216" metadataPrefix="marc">https://recercat.cat/oai/request</request><GetRecord><record><header><identifier>oai:recercat.cat:10230/33216</identifier><datestamp>2025-12-25T19:57:21Z</datestamp><setSpec>com_2072_6</setSpec><setSpec>col_2072_452954</setSpec></header><metadata><record xmlns="http://www.loc.gov/MARC21/slim" xmlns:dcterms="http://purl.org/dc/terms/" xmlns:xsi="http://www.w3.org/2001/XMLSchema-instance" xmlns:doc="http://www.lyncode.com/xoai" xsi:schemaLocation="http://www.loc.gov/MARC21/slim http://www.loc.gov/standards/marcxml/schema/MARC21slim.xsd">
   <leader>00925njm 22002777a 4500</leader>
   <datafield ind2=" " ind1=" " tag="042">
      <subfield code="a">dc</subfield>
   </datafield>
   <datafield ind2=" " ind1=" " tag="720">
      <subfield code="a">Balbuena Rodríguez, Carlos</subfield>
      <subfield code="e">author</subfield>
   </datafield>
   <datafield ind2=" " ind1=" " tag="260">
      <subfield code="c">2017-11-14T11:19:05Z</subfield>
   </datafield>
   <datafield ind2=" " ind1=" " tag="260">
      <subfield code="c">2017-11-14T11:19:05Z</subfield>
   </datafield>
   <datafield ind2=" " ind1=" " tag="260">
      <subfield code="c">2017</subfield>
   </datafield>
   <datafield ind2=" " ind1=" " tag="520">
      <subfield code="a">Treball de fi de màster en Estudis de Cinema i Audiovisual Contemporanis</subfield>
   </datafield>
   <datafield ind2=" " ind1=" " tag="520">
      <subfield code="a">Tutor: Manuel Guerín Boronat</subfield>
   </datafield>
   <datafield ind2=" " ind1=" " tag="520">
      <subfield code="a">Las ruinas tienen que ver, por encima de todo, con el tiempo. Son capaces de detenerlo, de&#xd;
congelarlo, de anularlo. En ocasiones, las ruinas son flujo; otras veces son detención. Suelen mirar&#xd;
al pasado, pero algunas de ellas son la prueba de que no puede haber futuro. Y en este ensayo se&#xd;
entremezclarán todas las posibilidades: las ruinas de la historia y las del hombre; las del siglo XX y&#xd;
las que nos llegan de la antigua Roma. Es cierto que este será un texto sobre cine, pero en cualquier&#xd;
momento se colarán entre los cuerpos apilados de Auschwitz o los devastadores efectos del napalm&#xd;
alusiones a las pinturas negras de Goya o al Guernica de Picasso. De la misma manera que se&#xd;
pasará del interior de un plano secuencia a las páginas de alguna novela o a las rimas de un poema&#xd;
de T. S. Elliot sin solución de continuidad y sin jerarquía alguna, porque de lo que realmente se&#xd;
hablará en las siguientes páginas es de algunas claves para empezar a pensar cómo se han&#xd;
representado las ruinas.</subfield>
   </datafield>
   <datafield tag="653" ind2=" " ind1=" ">
      <subfield code="a">Cinematografia -- Semiòtica</subfield>
   </datafield>
   <datafield tag="653" ind2=" " ind1=" ">
      <subfield code="a">Ruïnes en la cinematografia</subfield>
   </datafield>
   <datafield tag="653" ind2=" " ind1=" ">
      <subfield code="a">Espai i temps en la cinematografia</subfield>
   </datafield>
   <datafield ind2="0" ind1="0" tag="245">
      <subfield code="a">Notas sobre la representación de la ruina en el cine: formas, límites y variaciones</subfield>
   </datafield>
</record></metadata></record></GetRecord></OAI-PMH>